<?xml version="1.0" encoding="UTF-8"?>
<record
    xmlns:xsi="http://www.w3.org/2001/XMLSchema-instance"
    xsi:schemaLocation="http://www.loc.gov/MARC21/slim http://www.loc.gov/standards/marcxml/schema/MARC21slim.xsd"
    xmlns="http://www.loc.gov/MARC21/slim">

  <leader>00582nam a22001577a 4500</leader>
  <datafield tag="999" ind1=" " ind2=" ">
    <subfield code="c">216511</subfield>
    <subfield code="d">216511</subfield>
  </datafield>
  <controlfield tag="005">20260327115021.0</controlfield>
  <controlfield tag="008">260327b           ||||| |||| 00| 0 eng d</controlfield>
  <datafield tag="040" ind1=" " ind2=" ">
    <subfield code="a">LC</subfield>
    <subfield code="c">UNZA</subfield>
    <subfield code="d">UNZA</subfield>
    <subfield code="e">RDA</subfield>
  </datafield>
  <datafield tag="099" ind1=" " ind2=" ">
    <subfield code="a">GOV.ZAM (02) 2023</subfield>
  </datafield>
  <datafield tag="110" ind1=" " ind2=" ">
    <subfield code="a">Ministry of Home Affairs and Internal Secirity</subfield>
  </datafield>
  <datafield tag="245" ind1=" " ind2=" ">
    <subfield code="a">National Refugee Policy /</subfield>
    <subfield code="c">Ministry of Home Affairs and Internal Security</subfield>
  </datafield>
  <datafield tag="260" ind1=" " ind2=" ">
    <subfield code="a">Lusaka :</subfield>
    <subfield code="b">Ministry of Home Affairs and Internal Secirity,</subfield>
    <subfield code="c"> Novermber, 2023.</subfield>
  </datafield>
  <datafield tag="300" ind1=" " ind2=" ">
    <subfield code="a">24 pages :</subfield>
    <subfield code="b">illustrations.</subfield>
  </datafield>
  <datafield tag="650" ind1=" " ind2=" ">
    <subfield code="a">Policy</subfield>
    <subfield code="x">National  refugee policy </subfield>
    <subfield code="z">Zambia.</subfield>
  </datafield>
  <datafield tag="942" ind1=" " ind2=" ">
    <subfield code="c">GOV-PUBS</subfield>
  </datafield>
  <datafield tag="952" ind1=" " ind2=" ">
    <subfield code="0">0</subfield>
    <subfield code="1">0</subfield>
    <subfield code="2">lcc</subfield>
    <subfield code="4">0</subfield>
    <subfield code="7">0</subfield>
    <subfield code="a">MAIN</subfield>
    <subfield code="b">MAIN</subfield>
    <subfield code="c">SPECIAL</subfield>
    <subfield code="d">2026-03-27</subfield>
    <subfield code="l">0</subfield>
    <subfield code="o">GOV.AZM (02) 2023 </subfield>
    <subfield code="p">33729006793355</subfield>
    <subfield code="r">2026-03-27 00:00:00</subfield>
    <subfield code="t">C.1</subfield>
    <subfield code="w">2026-03-27</subfield>
    <subfield code="y">GOV-PUBS</subfield>
  </datafield>
</record>
